She Belizean Women Poets (Record no. 468)

MARC details
000 -LEADER
campo de control de longitud fija 00412nam a22001337a 4500
008 - DATOS DE LONGITUD FIJA--INFORMACIÓN GENERAL
campo de control de longitud fija 150320b xxu||||| |||| 00| 0 eng d
082 ## - NÚMERO DE LA CLASIFICACIÓN DECIMAL DEWEY
Número de clasificación 821.927.282
Número de ítem W 676s
100 ## - ENTRADA PRINCIPAL--NOMBRE DE PERSONA
Nombre de persona Wilentz, Gay (editor)
9 (RLIN) 2237
245 ## - MENCIÓN DEL TÍTULO
Título She Belizean Women Poets
260 ## - PUBLICACIÓN, DISTRIBUCIÓN, ETC.
Lugar de publicación, distribución, etc. Belice
Nombre del editor, distribuidor, etc. FactoryBooks
Fecha de publicación, distribución, etc. 2001
300 ## - DESCRIPCIÓN FÍSICA
Extensión 84 p.
Dimensiones 21 cm
650 ## - PUNTO DE ACCESO ADICIONAL DE MATERIA--TÉRMINO DE MATERIA
Subdivisión general Literatura
-- Poesía
-- Poesía por mujeres de Belice
Subdivisión geográfica Belice
9 (RLIN) 2238
700 ## - ENTRADA AGREGADA--NOMBRE PERSONAL
Nombre de persona Gay Wilentz
9 (RLIN) 2239
Holdings
Estatus retirado Estado de pérdida Fuente del sistema de clasificación o colocación Estado de daño No para préstamo Biblioteca de origen Biblioteca actual Ubicación en estantería Fecha de adquisición Total de préstamos Signatura topográfica completa Código de barras Visto por última vez Precio de reemplazo Tipo de ítem Koha
    Clasificación Decimal Dewey     Biblioteca LadoV Biblioteca LadoV   20/03/2015   821.927.282 W 676s 000536 20/03/2015 20/03/2015 Material 01